[Event "ROM-ch U10 Boys"]
[Site "Voineasa"]
[Date "2008.04.14"]
[Round "4"]
[White "Oprea, Alexandru Gabriel"]
[Black "Dovleac, Adrian Florin"]
[Result "0-1"]
[WhiteElo "440"]
[BlackElo "614"]
[PlyCount "64"]
[EventDate "2008.04.08"]
[EventType "swiss"]
[EventRounds "9"]
[EventCountry "ROU"]
[SourceTitle "EXT 2013"]
[Source "ChessBase"]
[SourceDate "2012.11.22"]
[SourceVersion "1"]
[SourceVersionDate "2012.11.22"]
[SourceQuality "1"]

1. c4 e5 2. Nc3 Nf6 3. Nf3 Nc6 4. d4 exd4 5. Nxd4 Bc5 6. e3 d6 7. Be2 0-0 8. 0-0 Re8 9. a3 Bxd4 10. exd4 d5 11. Bg5 dxc4 12. Bxc4 Qxd4 13. Qxd4 Nxd4 14. Bxf6 gxf6 15. Nd5 Ne2+ 16. Kh1 Re5 17. Rae1 Be6 18. Nxf6+ Kg7 19. f4 Rc5 20. Nh5+ Rxh5 21. Bxe2 Rc5 22. Bf3 c6 23. Re5 Rc2 24. b4 Rd8 25. b5 Bd5 26. Bxd5 Rxd5 27. bxc6 bxc6 28. Re7 Rdc5 29. h3 a5 30. Rc7 a4 31. Ra7 R5c3 32. Rc7 Rxa3 0-1

[Event "ROM-ch U10 Boys"]
[Site "Voineasa"]
[Date "2008.04.13"]
[Round "3"]
[White "Oprea, Alexandru Gabriel"]
[Black "Enescu, Tudor"]
[Result "0-1"]
[WhiteElo "422"]
[BlackElo "698"]
[PlyCount "80"]
[EventDate "2008.04.08"]
[EventType "swiss"]
[EventRounds "9"]
[EventCountry "ROU"]
[SourceTitle "EXT 2013"]
[Source "ChessBase"]
[SourceDate "2012.11.22"]
[SourceVersion "1"]
[SourceVersionDate "2012.11.22"]
[SourceQuality "1"]

1. e4 e5 2. Nf3 Nc6 3. d4 exd4 4. Nxd4 Nf6 5. Nxc6 dxc6 6. Qxd8+ Kxd8 7. Nc3 Bb4 8. Bc4 Bxc3+ 9. bxc3 Nxe4 10. 0-0 Nd6 11. Rd1 Ke7 12. Ba3 Ke8 13. Bxd6 cxd6 14. Rxd6 Bf5 15. Re1+ Kf8 16. Bd3 Be6 17. a4 Ke7 18. Rd4 h6 19. Rde4 Rad8 20. Bc4 Rd6 21. h3 Re8 22. Bxe6 Rxe6 23. Rxe6+ fxe6 24. g4 Rd8 25. Re2 Rd1+ 26. Kg2 Ra1 27. Re4 Ra3 28. Rc4 Ra2 29. Rb4 b6 30. Rc4 c5 31. f4 Rxc2+ 32. Kg3 Kd6 33. Kf3 Kd5 34. Re4 Rxc3+ 35. Re3 Rxe3+ 36. Kxe3 a6 37. Kd3 b5 38. axb5 axb5 39. h4 c4+ 40. Kc3 Kc5 0-1

[Event "ROM-ch U10 Boys"]
[Site "Voineasa"]
[Date "2008.04.13"]
[Round "3"]
[White "Oprea, Alexandru Gabriel"]
[Black "Stancu, Robert Alexandru"]
[Result "0-1"]
[WhiteElo "440"]
[BlackElo "565"]
[PlyCount "79"]
[EventDate "2008.04.08"]
[EventType "swiss"]
[EventRounds "9"]
[EventCountry "ROU"]
[SourceTitle "EXT 2013"]
[Source "ChessBase"]
[SourceDate "2012.11.22"]
[SourceVersion "1"]
[SourceVersionDate "2012.11.22"]
[SourceQuality "1"]

1. e4 c5 2. c4 e6 3. Nc3 Nc6 4. d3 Nf6 5. Nf3 d6 6. Bg5 Be7 7. Be2 0-0 8. 0-0 b6 9. b3 Bb7 10. Nd2 Nxe4 11. Bxe7 Nxc3 12. Bxd8 Nxd1 13. Be7 Nxe7 14. Bxd1 Ng6 15. Bh5 Nf4 16. Bf3 d5 17. Rfe1 Nxd3 18. Rf1 Rad8 19. Rfd1 Ne5 20. Be2 Rfe8 21. Nf3 Ng6 22. Ne1 Ba6 23. Bf1 Bb7 24. Be2 d4 25. a4 a5 26. Bf3 Bxf3 27. Nxf3 e5 28. Ra2 e4 29. Ng5 Re5 30. Nh3 f5 31. Re1 f4 32. Rae2 e3 33. fxe3 fxe3 34. Kh1 d3 35. Rxe3 Rxe3 36. Rxe3 d2 37. Ng1 d1Q 38. h3 Rd3 39. Re8+ Kf7 40. Rc8 0-1